Диаграммы состояния металлических систем: термодинамические расчеты и экспериментальные методы. [Сб. статей]; сборник статей

Detalles Bibliográficos
Outros autores: Агеев Н. В. Николай Владимирович (редактор)
Idioma:ruso
Publicado: Москва, Наука, 1981
Subjects:
Formato: Libro
KOHA link:https://koha.lib.tpu.ru/cgi-bin/koha/opac-detail.pl?biblionumber=113918

MARC

LEADER 00000nam0a2200000 4500
001 113918
005 20231031122041.0
020 |a RU  |b 81-63062 
035 |a (RuTPU)RU\TPU\book\123189 
090 |a 113918 
100 |a 20070417d1981 k a0rusy5003 ca 
101 0 |a rus 
102 |a RU 
105 |a a z 001zy 
200 1 |a Диаграммы состояния металлических систем  |e термодинамические расчеты и экспериментальные методы. [Сб. статей]  |e сборник статей  |f под ред. Н. В. Агеева 
210 |a Москва  |c Наука  |d 1981 
215 |a 274 с.  |c ил.  |d 21 см. 
610 1 |a металлические системы 
610 1 |a диаграммы состояний 
610 1 |a расчеты 
610 1 |a экспериментальные методы 
610 1 |a применение 
675 |a 669.017.1  |z rus 
702 1 |a Агеев  |b Н. В.  |g Николай Владимирович  |4 340 
801 0 |a RU  |b RuMRKP  |c 19950704  |g psbo 
801 1 |a RU  |b 63413507  |c 20070417  |g PSBO 
801 2 |a RU  |b 63413507  |c 20081105  |g PSBO 
942 |c BK